Encyclopaedia of educational administration : theory of educational administration :
| Other Authors: | |
|---|---|
| Format: | Book |
| Published: |
New Delhi :
Anma Publications Pvt. Ltd ,
1999
|
| Subjects: |
MARC
| LEADER | 00000cam a2200000 7i4500 | ||
|---|---|---|---|
| 001 | 0000036416 | ||
| 005 | 20130618.0 | ||
| 008 | 130528 | ||
| 020 | |a 8170417708 | ||
| 090 | 0 | 0 | |a 371.007 |b VAS |
| 245 | 1 | 0 | |a Encyclopaedia of educational administration : |b theory of educational administration : |b vol. 1 |c edited by S. R. Vashist |
| 260 | |a New Delhi : |b Anma Publications Pvt. Ltd , |c 1999 | ||
| 650 | 0 | |a Education |x Management | |
| 700 | 1 | |a S. R. Vashist | |
| 999 | |a 0001021430 |b Book |c REFERENCE |e Perbadanan Perpustakaan Awam Johor | ||